00698nam a2200145 a 450000100100000000500170001000800410002704000250006811001070009324501440020026000590034430000210040395201110042499900170053500003914220201002031520.0130527s2001 cl 000 0 spa d aDO-SdBNPbspacBNPHU1 aRepública de ColombiabMinisterio de Educación NacionalbConsejo Nacional de Acreditación96534910aCriterios y procedimientos para el registro calificado de programas academicos de pregrado en ciancias de la salud :bVersión preliminar. aBogotá :bConsejo Nacional de Acreditación,c2001. a126 p. ;c25 cm. 001054708MOaGRbGRcCTd2013-05-27iLF1l0o p39142-10r2020-06-25w2020-06-25y4ZPréstamo en sala c38632d38632